000
00286nam a22001337a 4500
008
181022b xxu||||| |||| 00| 0 eng d
020
_a
9781305675179
041
_a
eng
080
_a
330
100
_a
61
101
_a
KON
245
_a
Payroll Accouting
_c
Bieg.b.j
942
_2
udc
_c
BK
999
_c
50495
_d
50495